1522 1590 1849 1280 1261 1713 1150 1786 1035 1593 1694 1393 1027 1075 1289 1881 1005 1628 1584 1323 1503 1719 1358 1377 1675 1243 1346 1337 1997 1344 1973 1097 1695 1832 1634 1124 1190 1791 1347 1943 1137 1390 1822 1858 1139 1103 1426 1090 1927 1400 1076 1698 1367 1815 1656 1737 1943 1277 1855 1582 1337 1105 1887 1884 1118 1374 1808 1462 1560 1890 1034 1008 1753 1741 1421 1601 1008 1520 1903 1709 1688 1215 1155 1672 1954 1931 1187 1965 1224 1548 1027 1403 1856 1931 1327 1779 1723 1512 1671 BCNSPRNW ULIB Ver.6.0+V

เปลี่ยนเป็นภาษาไทย

Change to English
 แสดงรายละเอียดบรรณานุกรม
  กลับหน้าหลัก

Brief Record : Get Marc (ISO 2709) : E-mail record : QR code < ปิดหน้าต่าง
LEADER : 00000nam 2200000uu 4500
001    13399122806
003     ULIB
008    131003s2555||||th 000 0 tha d
020    ^a9786160005413
050  4 ^aDS520^bธ639ท
100    ^aธีรภาพ โลหิตกุล
245    ^aท่องแดนอาเซียน /^cธีรภาพ โลหิตกุล และคณะ
260    ^aกรุงเทพฯ :^bสถาพรบุ๊คส์,^c2555
300    ^a205 หน้า
650  7 ^aประชาคมอาเซียน
650  0 ^aท่องเที่ยว^xอาเซียน
945    ^p250^l0^i034030
999    ^aกมลทิพย์ ธนสารสุธี
รายการนี้ยังไม่มีแท็ก
คุณยังไม่ได้ล็อกอิน คุณสามารถมีกิจกรรมร่วมกับเว็บไซต์ได้ แต่ต้องล็อกอินก่อน ::
  ล็อกอิน

รายการสื่อสารสนเทศ

ลำดับที่ ประเภท เลขเรียก/บาร์โค้ด สถานที่ สถานะ
1. การศึกษาทั่วไป
หนังสือสำรอง
สถานะ=หนังสือสำรอง
DS520 ธ639ท ฉ.1 
  Barcode: 034030
ห้องสมุดวิทยาเขตสวรรค์ประชารักษ์
►หนังสือทั่วไป
บนชั้น

รายการใกล้เคียง
    ผู้แต่ง [ธีรภาพ โลหิตกุล]

    หัวเรื่อง [ประชาคมอาเซียน]

BibComment


ยังไม่เคยถูกคอมเมนท์

คอมเมนท์ทรัพยากรรายการนี้
  คอมเมนท์: ท่องแดนอาเซียน ..


 Copyright 2026. Bcnsprnw @Library